• 首页
  • 本馆介绍
  • 公告通知
  • 最新文献
  • 馆藏检索
  • 电子资源
  • 读者导购
  • 参考咨询
  • 我的图书馆
  • 登录
  • 详细信息显示
  • 放入我的书架
  • 预约/预借图书
  • 作者相关作品
  • 分类相关作品
  • 丛书相关作品
  • 出版社相关作品

书目信息

  • 表格格式
  • 工作单格式
  • 卡片格式
题名:
植物蛋白生产工艺与配方
    
 
作者: 李正明 , 王兰君 编
分册:  
出版信息: 北京   中国轻工业出版社  1998
页数: 288页
开本: 20cm
丛书名:
单 册:
中图分类: TS210.1
科图分类:
主题词: 植物性蛋白--食品加工 , 植物性蛋白--人造食品--配方
电子资源:
ISBN: 7-5019-2252-7
000 00669nam0 2200217 45
001 0303260825
005 20031219104108.1
010    @a7-5019-2252-7@dCNY21.00
100    @a20030326d1998 km y0chiy0120 ea
101 0  @achi
105    @a z 000yy
200 1  @a植物蛋白生产工艺与配方@AZhi Wu Dan Bai Sheng Chan Gong Yi Yu Pei Fang@f李正明,王兰君编@FLi Zheng Ming,Wang Lan Jun Bian
210    @a北京@c中国轻工业出版社@d1998
215    @a288页@d20cm
606 0  @a植物性蛋白@x食品加工
606 0  @a植物性蛋白@x人造食品@x配方
690    @aTS210.1@v4
701  0 @a李正明@4编
701  0 @a王兰君@4编
801    @aCN@bTSTC@c20030326
905    @b321556-558@dTS210.1@e26@f3
    
    植物蛋白生产工艺与配方/李正明,王兰君编.-北京:中国轻工业出版社,1998
    288页;20cm
    
    
    ISBN 7-5019-2252-7:CNY21.00
    
●
相关链接 在E读中查询图书 在五车中查询图书 在当当中查询图书 在豆瓣中查询图书


正题名:植物蛋白生产工艺与配方     索取号:TS210.1/26         预约/预借

序号 登录号 条形码 馆藏地/架位号 状态 备注
1 0321556   203215564   第三借阅区/ [索取号:TS210.1/26] 在馆    
2 0321557   203215573   第三借阅区/ [索取号:TS210.1/26] 在馆    
3 0321558   203215582   第二样本阅览室/ [索取号:TS210.1/26] 在馆    
唐山师范学院图书馆 欢迎您!
大连网信软件有限公司© 版权所有